000 00935nam a2200253Ia 4500
001 21984
005 20260320113331.0
008 260320s9999||||xx |||||||||||||| ||und||
020 _a9780230279285
041 _aING
082 _a658.40920711
_bC25
100 _aCanals, Jordi,
_eEDT
245 4 _aThe future of leadership development :
_bcorporate needs and the role of business schools
246 _a
_5
_b
260 _aNew York :
_bPalgrave Macmillan,
_c2011
300 _axii, 328 páginas :
_btablas, gráficos ;
_c24 cm.
_e
440 _a(Palgrave Macmillan IESE business collection)
_n
_v
650 _aTCA
653 _aAdministración de empresas; Escuelas de negocios; Liderazgo ejecutivo; Educación superior
654 _aCAN
700 _a
_c
856 _uhttps://0u20fmy1o-y-https-research-ebsco-com.itmsp.museknowledge.com/c/qxo6us/search
_zVéase además: Base de datos EBSCOhost
942 _cLIB
_dJUS
_fMAT
_2ddc
_n
999 _c21984
_d21984